Giáo trình luật dân sự Việt Nam Tập 1

Khái quát chung luật Dân sự Việt Nam. Trình bày kiến thức pháp luật về quan hệ pháp luật dân sự, giao dịch dân sự, đại diện, thời hạn và thời hiệu, tài sản và quyền sở hữu, những quy định và nguyên tắc về thừa kế......

Descrizione completa

Salvato in:
Dettagli Bibliografici
Autore principale: Lê Đình Nghị (Chủ biên)
Altri autori: Nguyễn Minh Oanh, Vương Thanh Thuý, Vũ Thị Hồng Yến
Natura: Libro
Lingua:Vietnamese
Pubblicazione: H. Giáo dục 2011
Edizione:Tái bản lần thứ 2
Soggetti:
Tags: Aggiungi Tag
Nessun Tag, puoi essere il primo ad aggiungerne! !
Thư viện lưu trữ: Thư viện Trường Đại học Nam Cần Thơ
LEADER 02645aam a22003498a 4500
001 NCT_11884
008 110415s2011 ||||||viesd
999 |c 568  |d 568 
020 |c 42000 
082 0 4 |2 23rd ed.  |a 346.075  |b Ngh300 
100 1 |a Lê Đình Nghị  |e Chủ biên 
245 1 0 |a Giáo trình luật dân sự Việt Nam  |n Tập 1  |c Lê Đình Nghị (chủ biên) 
250 |a Tái bản lần thứ 2 
260 |a H.  |b Giáo dục  |c 2011 
300 |a 291tr.  |c 24cm 
520 3 |a Khái quát chung luật Dân sự Việt Nam. Trình bày kiến thức pháp luật về quan hệ pháp luật dân sự, giao dịch dân sự, đại diện, thời hạn và thời hiệu, tài sản và quyền sở hữu, những quy định và nguyên tắc về thừa kế... 
653 |a Luật học 
655 7 |a Giáo trình 
700 1 |a Nguyễn Minh Oanh 
700 1 |a Vương Thanh Thuý 
700 1 |a Vũ Thị Hồng Yến 
942 |2 ddc  |c BK 
952 |0 0  |1 0  |2 ddc  |4 0  |6 346_075000000000000_NGH300  |7 0  |9 4171  |a 000001  |b 000001  |d 2017-11-24  |l 4  |o 346.075 Ngh300  |p MD.02807  |r 2020-01-06  |s 2019-12-25  |v 42000.00  |w 2017-11-24  |y BK 
952 |0 0  |1 0  |2 ddc  |4 0  |6 346_075000000000000_NGH300  |7 0  |9 4172  |a 000001  |b 000001  |d 2017-11-24  |o 346.075 Ngh300  |p MD.02808  |r 2017-11-24  |v 42000.00  |w 2017-11-24  |y BK 
952 |0 0  |1 0  |2 ddc  |4 0  |6 346_075000000000000_NGH300  |7 0  |9 4173  |a 000001  |b 000001  |d 2017-11-24  |l 1  |o 346.075 Ngh300  |p MD.02809  |r 2019-06-05  |s 2019-06-04  |v 42000.00  |w 2017-11-24  |y BK 
952 |0 0  |1 0  |2 ddc  |4 0  |6 346_075000000000000_NGH300  |7 0  |9 4174  |a 000001  |b 000001  |d 2017-11-24  |l 5  |m 1  |o 346.075 Ngh300  |p MD.02810  |r 2021-05-21  |s 2021-04-27  |v 42000.00  |w 2017-11-24  |y BK 
952 |0 0  |1 0  |2 ddc  |4 0  |6 346_075000000000000_NGH300  |7 0  |9 4175  |a 000001  |b 000001  |d 2017-11-24  |l 1  |o 346.075 Ngh300  |p MD.02811  |r 2019-06-11  |s 2019-05-28  |v 42000.00  |w 2017-11-24  |y BK 
952 |0 0  |1 0  |2 ddc  |4 0  |6 346_075000000000000_NGH300  |7 0  |9 4176  |a 000001  |b 000001  |d 2017-11-24  |o 346.075 Ngh300  |p MD.02812  |r 2017-11-24  |v 42000.00  |w 2017-11-24  |y BK 
952 |0 0  |1 0  |2 ddc  |4 0  |6 346_075000000000000_NGH300  |7 0  |9 4177  |a 000001  |b 000001  |d 2017-11-24  |l 2  |o 346.075 Ngh300  |p MD.02813  |r 2020-12-24  |s 2020-12-10  |v 42000.00  |w 2017-11-24  |y BK 
952 |0 0  |1 0  |2 ddc  |4 0  |6 346_075000000000000_NGH300  |7 0  |9 4178  |a 000001  |b 000001  |d 2017-11-24  |l 2  |m 1  |o 346.075 Ngh300  |p MD.02814  |r 2021-04-29  |s 2021-03-27  |v 42000.00  |w 2017-11-24  |y BK 
952 |0 0  |1 0  |2 ddc  |4 0  |6 346_075000000000000_NGH300  |7 0  |9 4179  |a 000001  |b 000001  |d 2017-11-24  |l 2  |o 346.075 Ngh300  |p MD.02815  |r 2019-03-08  |s 2019-03-06  |v 42000.00  |w 2017-11-24  |y BK 
980 |a Thư viện Trường Đại học Nam Cần Thơ